000 00494nam a2200193 a 4500
001 1774863791721
003 YourLibrary
005 20260330151550.0
008 260330s2007##################000#0#eng##
020 _a9788182743137
082 0 4 _a355.00922
_bWEI
100 1 _aWeir, William,
_eauthor.
245 1 0 _a50 Military Leaders Who Changed The World :
260 _c2007.
300 _a262 pages
650 0 _aAdmirals.
942 _cENGLISH
040 _aYourLibrary
_beng
_cYourLibrary
999 _c618225
_d618225